Normal view
MARC view
- البابليون-شبه الجزيرة العربية - تاريخ قديم
Entry Topical Term
001 - CONTROL NUMBER
- control field: 45418
003 - CONTROL NUMBER IDENTIFIER
- control field: JO-AjAnu
005 - DATE AND TIME OF LATEST TRANSACTION
- control field: 20230606081519.0
008 - FIXED-LENGTH DATA ELEMENTS
- fixed length control field: 230606|| aca||aabn | a|a d
040 ## - CATALOGING SOURCE
- Original cataloging agency: JO-AjAnu
- Transcribing agency: JO-AjAnu
150 ## - HEADING--TOPICAL TERM
- Topical term or geographic name entry element: البابليون-شبه الجزيرة العربية - تاريخ قديم
670 ## - SOURCE DATA FOUND
- Source citation: Work cat.: (JO-AjAnu)23253: تاليف السعيد، سعيد بن فايز إبراهيم, author 45417, حملة الملك البابلي نبونيد على شمال غرب الجزيرة العربية